Reglamento para el régimen interior del Tribunal Supremo de Guerra y Marina : (Record no. 169705)

MARC details
000 -LEADER
campo de control de longitud fija 00682nam a22001695i 4500
001 - NÚMERO DE CONTROL
campo de control 169705
003 - IDENTIFICADOR DE NÚMERO DE CONTROL
campo de control ES-MaACL
005 - FECHA Y HORA DE LA ÚLTIMA TRANSACCIÓN
campo de control 20230906214154.0
008 - DATOS DE LONGITUD FIJA--INFORMACIÓN GENERAL
campo de control de longitud fija 081110s1867 sp |||| | spa d
110 1# - ENTRADA PRINCIPAL--NOMBRE DE ENTIDAD CORPORATIVA
Nombre de entidad corporativa o nombre de jurisdicción como elemento de entrada España.
Unidad subordinada Tribunal Supremo de Guerra y Marina.
9 (RLIN) 138861
245 10 - MENCIÓN DEL TÍTULO
Título Reglamento para el régimen interior del Tribunal Supremo de Guerra y Marina :
Resto del título aprobado por Real Orden de 25 de octubre de 1867.
260 ## - PUBLICACIÓN, DISTRIBUCIÓN, ETC.
Lugar de publicación, distribución, etc. Madrid :
Nombre del editor, distribuidor, etc. [s.n.],
Fecha de publicación, distribución, etc. 1867 (
Fabricante Tip. y lit. del Depósito de la Guerra)
300 ## - DESCRIPCIÓN FÍSICA
Extensión 86 p. ;
Dimensiones 26 cm.
610 14 - PUNTO DE ACCESO ADICIONAL DE MATERIA--NOMBRE DE ENTIDAD CORPORATIVA
Nombre de entidad corporativa o nombre de jurisdicción como elemento de entrada España.
Unidad subordinada Tribunal Supremo de Guerra y Marina.
9 (RLIN) 138861
710 1# - ENTRADA AGREGADA--NOMBRE DE ENTIDAD CORPORATIVA
Nombre de entidad corporativa o nombre de jurisdicción como elemento de entrada España.
Unidad subordinada Depósito de la Guerra.
9 (RLIN) 167579
852 4# - LOCALIZACIÓN
Ubicación ES-MaACL
Número de control de estantería T-98-F-2
Holdings
Estatus retirado Estado de pérdida Estado de daño No para préstamo Colección Biblioteca de origen Biblioteca actual Ubicación en estantería Fecha de adquisición Fuente de adquisición Total de préstamos Signatura topográfica completa Código de barras Visto por última vez Precio de reemplazo Tipo de ítem Koha
        Colección de folletos Biblioteca del Ateneo de Madrid Biblioteca del Ateneo de Madrid Depósito folletos 10/11/2008     T-98-F-2 1178164 23/02/2023 23/02/2023 Folleto